Cahiers de ma montagne. (Record no. 4869)

MARC details
000 -LEADER
fixed length control field 00545cam a22002051 4500
001 - CONTROL NUMBER
control field af 48002106
003 - CONTROL NUMBER IDENTIFIER
control field DLC
005 - DATE AND TIME OF LATEST TRANSACTION
control field 20260227110853.0
008 - FIXED-LENGTH DATA ELEMENTS--GENERAL INFORMATION
fixed length control field 820928s1944 be 000 0 fre c
010 ## - LIBRARY OF CONGRESS CONTROL NUMBER
LC control number af 48002106
035 ## - SYSTEM CONTROL NUMBER
System control number (OCoLC)8814504
040 ## - CATALOGING SOURCE
Original cataloging agency New York. Public Libr.
Transcribing agency NcU
Modifying agency DLC
042 ## - AUTHENTICATION CODE
Authentication code premarc
050 00 - LIBRARY OF CONGRESS CALL NUMBER
Classification number PQ2625.A718
Item number C3
082 ## - DEWEY DECIMAL CLASSIFICATION NUMBER
Classification number 848.91
100 1# - MAIN ENTRY--PERSONAL NAME
Personal name Man, Hendrik de,
Dates associated with a name 1885-1953.
245 10 - TITLE STATEMENT
Title Cahiers de ma montagne.
260 ## - PUBLICATION, DISTRIBUTION, ETC.
Place of publication, distribution, etc. [Bruxelles]
Name of publisher, distributor, etc. Éditions de la Toison d'or
Date of publication, distribution, etc. [1944]
300 ## - PHYSICAL DESCRIPTION
Extent 244 p.
Dimensions 21 cm.

No items available.

Powered by Koha